Most Streamed Rap Albums on Spotify - Statistics

General Stats
  • This quiz has been taken 227 times
  • The average score is 25 of 49
Answer Stats
Rang Artiste Album % Correct
5 Travis Scott ASTROWORLD
95%
8 Kendrick Lamar DAMN.
87%
20 Kanye West Graduation
87%
2 Drake Scorpion
85%
3 Drake Views
83%
17 Kendrick Lamar good kid, m.A.A.d city
78%
34 Kanye West My Beautiful Dark Twisted Fantasy
73%
19 Drake Take Care
72%
15 Travis Scott Birds In The Trap Sing McKnight
69%
22 Drake Certified Lover Boy
68%
4 Juice WRLD Goodbye & Good Riddance
67%
11 Eminem The Eminem Show
66%
45 Tyler, The Creator IGOR
64%
18 Kanye West The Life Of Pablo
64%
6 XXXTENTACION 17
62%
14 J. Cole 2014 Forest Hills Drive
62%
27 50 Cent Get Rich Or Die Tryin'
62%
10 Juice WRLD Legends Never Die
62%
12 Lil Uzi Vert Luv Is Rage 2
60%
9 Drake More Life
59%
25 Dr. Dre 2001
58%
26 Drake Nothing Was The Same
58%
28 Eminem The Marshall Mathers LP
58%
43 Migos Culture
57%
16 Cardi B Invasion of Privacy
54%
32 Migos Culture II
51%
24 Eminem Recovery
51%
7 Pop Smoke Shoot For The Stars Aim For The Moon
51%
13 Juice WRLD Death Race For Love
49%
35 Drake If You're Reading This It's Too Late
47%
46 Tupac All Eyez On Me
44%
31 Lil Uzi Vert Eternal Atake - LUV vs. The World 2
42%
36 Eminem Kamikaze
40%
42 Polo G THE GOAT
39%
23 Kendrick Lamar Black Panther : The Album
37%
21 Macklemore & Ryan Lewis The Heist
37%
38 Tecca We Love You Tecca
37%
33 Roddy Ricch Please Excuse Me for Being Antisocial
36%
29 Eminem The Marshall Mathers LP2
36%
37 Pop Smoke Meet The Woo 2
32%
30 Eminem Music To Be Murdered By
32%
48 Drake Dark Lane Demo Tapes
29%
44 Lil Baby My Turn
24%
41 A Boogie Wit da Hoodie Hoodie SZN
14%
39 Nicki Minaj The Pinkprint
14%
47 DaBaby BLAME IT ON BABY
11%
40 6ix9ine DUMMY BOY
9%
50 Tyga Legendary
4%
49 DJ Khaled Grateful
3%
No matching quizzes found
Score Distribution
Percent of People with Each Score
Percentile by Number Answered
Your Score History
You have not taken this quiz